| 000 | 00433nam a2200133Ia 4500 | ||
|---|---|---|---|
| 008 | 220216s9999 xx 000 0 und d | ||
| 100 | _aMarattukalam J G | ||
| 245 | 0 | _aMethods of propagation and materials for planting | |
| 260 |
_bHandbook of Natural Rubber Production in India (Ed. P N Radhakrishna Pillay) Kottayam, RRII, 1980 _c1980 |
||
| 300 | _a63-83 | ||
| 700 | _aPremakumari D | ||
| 700 | _aSaraswathyamma C K | ||
| 942 | _cJS | ||
| 999 |
_c62878 _d62878 |
||